Comunidades Autónomas más pobladas de España - Estadísticas

Estadísticas generales
  • Esta prueba ha sido intentada 222 veces
  • La puntuación promedio es 15 de 19
Estadísticas de respuestas
Hint Respuesta % Correcto
7.518.903 Cataluña
99%
8.402.305 Andalucía
98%
6.454.440 Comunidad de Madrid
97%
5.004.844 Comunidad Valenciana
95%
2.748.695 Galicia
93%
2.188.985 País Vasco
82%
2.494.790 Castilla y León
81%
1.466.818 Región de Murcia
76%
2.078.611 Castilla-La Mancha
74%
1.325.385 Aragón
73%
2.104.815 Canarias
73%
84.963 Ceuta
73%
84.509 Melilla
73%
319.002 La Rioja
72%
588.656 Cantabria
70%
1.050.917 Asturias
69%
640.790 Navarra
69%
1.099.632 Extremadura
68%
1.103.442 Islas Baleares
67%
No se encontraron pruebas coincidentes
Distribución de puntuación
Porcentaje de gente con cada puntuación
Porcentaje por número respondido
Historial de tus puntuaciones
No has intentado esta prueba.